Who can save us now? : (Record no. 101468)

MARC details
000 -LEADER
fixed length control field 00725nam a2200241 i 4500
001 - CONTROL NUMBER
control field C2-0297079
003 - CONTROL NUMBER IDENTIFIER
control field PPAK
005 - DATE AND TIME OF LATEST TRANSACTION
control field 20180728075337.0
008 - FIXED-LENGTH DATA ELEMENTS--GENERAL INFORMATION
fixed length control field 090507s2008 nyu |||| ||||| | eng d
020 ## - INTERNATIONAL STANDARD BOOK NUMBER
International Standard Book Number 9781416566441 ; 1416566449
040 ## - CATALOGING SOURCE
Original cataloging agency PPAK
Language of cataloging eng
Transcribing agency PPAK
Description conventions rda
082 04 - DEWEY DECIMAL CLASSIFICATION NUMBER
Classification number 808.83
Edition number 23
090 00 - LOCALLY ASSIGNED LC-TYPE CALL NUMBER (OCLC); LOCAL CALL NUMBER (RLIN)
Classification number (OCLC) (R) ; Classification number, CALL (RLIN) (NR) 808.83
Feature heading WHO
Feature heading G
245 00 - TITLE STATEMENT
Title Who can save us now? :
Remainder of title brand-new superheroes and their amazing (short) stories
264 #1 - PRODUCTION, PUBLICATION, DISTRIBUTION, MANUFACTURE, AND COPYRIGHT NOTICE
Place of production, publication, distribution, manufacture New York :
Name of producer, publisher, distributor, manufacturer Free Press ,
Date of production, publication, distribution, manufacture, or copyright notice 2008
300 ## - PHYSICAL DESCRIPTION
Extent xiii, 417 pages ;
Dimensions 23 cm
336 ## - CONTENT TYPE
Source rdacontent
Content type term text
337 ## - MEDIA TYPE
Source rdamedia
Media type term unmediated
338 ## - CARRIER TYPE
Source rdacarrier
Carrier type term volume
650 10 - SUBJECT ADDED ENTRY--TOPICAL TERM
Topical term or geographic name entry element Short stories, English
700 1# - ADDED ENTRY--PERSONAL NAME
Personal name King, Owen ; McNailly, John,
Relator term editor
942 ## - ADDED ENTRY ELEMENTS (KOHA)
-- dc
Koha item type Book
Holdings
Withdrawn Not for loan Current library Shelving location Date acquired Full call number Barcode Date last seen Koha item type
    Perpustakaan Alor Setar Pinjaman Dewasa 24/05/2009 808.83 WHO A01297644 09/05/2018 Book
    Perpustakaan Bandar Baharu Pinjaman Dewasa 24/05/2009 808.83 WHO A01297652 09/05/2018 Book
    Perpustakaan Jitra Pinjaman Dewasa 24/05/2009 808.83 WHO A01297646 09/05/2018 Book
    Perpustakaan Kulim Pinjaman Dewasa 24/05/2009 808.83 WHO A01297648 09/05/2018 Book